[Event "Alfoeld Cup"]
[Site "Hajduszoboszlo"]
[Date "1999.??.??"]
[Round "3"]
[White "Valentinyi, Laszlo"]
[Black "Nagy, Zoltan"]
[Result "1/2-1/2"]
[WhiteElo "2130"]
[BlackElo "1925"]
[PlyCount "39"]
[EventDate "1999.??.??"]
[EventType "tourn"]
[EventRounds "11"]
[EventCountry "HUN"]
[SourceTitle "EXT 2000"]
[Source "ChessBase"]
[SourceDate "1999.11.16"]
[SourceVersion "1"]
[SourceVersionDate "1999.11.16"]
[SourceQuality "1"]

1. e4 c5 2. Nf3 Nc6 3. d4 cxd4 4. Nxd4 e6 5. Be3 a6 6. Nc3 Bb4 7. Qd2 Nf6 8. f3 0-0 9. a3 Qa5 10. Nde2 Bxc3 11. Nxc3 d5 12. b4 Nxb4 13. Bd3 dxe4 14. Nxe4 Nxd3+ 15. cxd3 Qxd2+ 16. Bxd2 Nd5 17. Nc3 Bd7 18. Nxd5 exd5 19. Bc3 Rfe8+ 20. Kd2 1/2-1/2